000 00464nam a2200181Ia 4500
001 8181
005 20260306160550.0
008 260306t2003||||xx |||||||||||||| ||spa||
041 _aESP
082 _a370.117
_bLL756
100 _aLlopis, Carmen [coord.]
_eAUT
245 0 _aRecursos para una educación global:
_b¿es posible otro mundo?
260 _c2003
300 _a204 páginas :
_c24 cm.
650 _aGEN
654 _aCED
942 _cLIB
_dJUS
_fJUS
_2ddc
_n
999 _c8181
_d8181